Open Data Biblioteca Nacional de Portugal


República Portuguesa: Ministério da Cultura
Biblioteca Nacional de Portugal

Catálogo da BNP: acesso por Identificadores Unívocos
Registos Bibliográficos associados ao registo de autoridade

Etiqueta de registo: 00815ckm 2200241 450
001 1023333
003 http://id.bnportugal.gov.pt/bib/catbnp/1023333
005 20000526180700.0
100 ## $a20000526d1977 am y0pory0103 ba
101 0# $apor
102 ## $aPT
200 1# $a1º Jogos florais do 25 de Abril$bVisual gráfico]$epoesia e prosa, música... pintura e escultura...$e uma iniciativa da FAPIR
210 #9 $aPorto$cFAPIR,$d1977
215 ## $a1 cartaz$ccolor.$d64x44 cm
317 ## $aColeção Madeira Luís $5PTBN: CT. 14869 A.
675 ## $a73/75(084.5)$vBN$zpor$3432731
675 ## $a78/79(084.5)$vBN$zpor$3943046
675 ## $a766(=1:469)"197"(084.5)$vBN$zpor$31270858
710 02 $aFAPIR$3942773
801 #0 $aPT$bBN$gRPC
856 40 $uhttps://purl.pt/8665
856 41 $uhttps://purl.pt/8665/service/media/cover/low
958 ## $aBND$bInterno$cDigitalizado
966 ## $lBN$mICONOG$sCT. 2474 A.$x0
966 ## $lBN$mICONOG$pFrancisco Madeira Luís$sCT. 14869 A.$x3

Etiqueta de registo: 00734ckm 2200229 450
001 1023222
003 http://id.bnportugal.gov.pt/bib/catbnp/1023222
005 20000525000000.0
100 ## $a20000525d1978 a y0pory0103 ba
101 0# $apor
102 ## $aPT
200 1# $aCarnaval na Faculdade de Letras$bVisual gráfico]$fFAPIR$g[design] Rui
210 #9 $a[Lisboa]$cFAPIR,$d1978
215 ## $a1 cartaz$ccolor.$d60x43 cm
675 ## $a394.2(469.411.16)"1978"(084.5)$vBN$zpor$3809651
675 ## $a766(=1:469)"197"(084.5)$vBN$zpor$31270858
710 02 $aFAPIR$3942773
801 #0 $aPT$bBN$gRPC
856 40 $uhttps://purl.pt/8653
856 41 $uhttps://purl.pt/8653/service/media/cover/low
958 ## $aBND$bInterno$cDigitalizado
966 ## $lBN$mICONOG$sCT. 2461 A.$x0

Etiqueta de registo: 00942ckc 2200253 450
001 1023243
003 http://id.bnportugal.gov.pt/bib/catbnp/1023243
005 20020508120700.0
100 ## $a20000526d1977 am y0pory0103 ba
101 0# $apor
102 ## $aPT
200 1# $aFestival popular do 25 de Abril$bVisual gráfico]$e uma iniciativa da FAPIR (Frente de Artistas Populares e Intelectuais Revolucionários)
210 #9 $aPorto$cFAPIR,$d1977
215 ## $a2 cartazes$ccolor.
317 ## $aColeção Madeira Luís$5PTBN: CT. 14821 A.
317 ## $aColeção Madeira Luís$5PTBN: CT. 6351 R.
675 ## $a323.2(469.121)"1977"(084.5)$vBN$zpor$31040208
675 ## $a766(=1:469)"197"(084.5)$vBN$zpor$31270858
710 12 $aFestival Popular do 25 de Abril,$ePorto,$f1977$31040229
712 02 $aFAPIR$4557$3942773
801 #0 $aPT$bBN$gRPC
856 40 $uhttps://purl.pt/8657
856 41 $uhttps://purl.pt/8657/service/media/cover/low
958 ## $aBND$bInterno$cDigitalizado
966 ## $lBN$mICONOG$nDim. fol.: 70x49 cm$sCT. 2115 R.$x0
966 ## $lBN$mICONOG$nDim. fol.: 65x38 cm$sCT. 2465 A.$x0
966 ## $lBN$mICONOG$pFrancisco Madeira Luís$sCT. 6351 R.$x3
966 ## $lBN$mICONOG$pFrancisco Madeira Luís$sCT. 14821 A.$x3

Etiqueta de registo: 00818ckm 2200241 450
001 1023015
003 http://id.bnportugal.gov.pt/bib/catbnp/1023015
005 20000526165700.0
100 ## $a20000524f19761979am y0pory0103 ba
101 0# $apor
102 ## $aPT
200 1# $aFesta de passagem de ano (reveillon)$bVisual gráfico]$eCasa da Comuna$fFAPIR organiza
210 #9 $aLisboa$cFAPIR,$d[ca. 1977?]
215 ## $a1 cartaz$ccolor.$d60x42 cm
306 ## $aData provável segundo características formais
675 ## $a793.2(469.411.16)"197"(084.5)$vBN$zpor$3943120
675 ## $a766(=1:469)"197"(084.5)$vBN$zpor$31270858
710 02 $aFAPIR$3942773
801 #0 $aPT$bBN$gRPC
856 40 $uhttps://purl.pt/8644
856 41 $uhttps://purl.pt/8644/service/media/cover/low
958 ## $aBND$bInterno$cDigitalizado
966 ## $lBN$mICONOG$sCT. 2452 A.$x0

Etiqueta de registo: 00000nkm 2200025 450
001 2257685
003 http://id.bnportugal.gov.pt/bib/catbnp/2257685
100 ## $a20260130f1977 m y0pory01030103ba
101 0# $apor
102 ## $aPT
200 1# $aComissão organizadora formada por iniciativa da FAPIR promove comemorações do dia mundial do teatro, 27 março, desfile alegórico com concentração no Rossio [e] espetáculo popular no clube atlético de Campo de Ourique [Lisboa]$bVisual gráfico]$fFAPIR
210 #9 $a[S.l.]$cFAPIR,$d[posterior a 1977]
215 ## $a1 cartaz$ccolor.$d59x42 cm
306 ## $aDatação atribuída em conformidade com as designações institucionais
317 ## $aColeção Madeira Luís
675 ## $a766(=1:469)"197"(084.5)$vBN$zpor$31270858
710 02 $aFAPIR$3942773
801 #0 $aPT$bBN$gRPC
966 ## $lBN$mICONOG$sCT. 18693 A.$x3
971 ## $cCaticonografia6$d20260130
995 ## $aPRR2026 $d20260130$iCaticonografia6

Etiqueta de registo: 00000nkm 2200025 450
001 2263395
003 http://id.bnportugal.gov.pt/bib/catbnp/2263395
100 ## $a20260209f19761978m y0pory01030103ba
101 0# $apor
102 ## $aPT
200 1# $aQue a voz dos artistas sirva sempre a voz dos explorados$bVisual gráfico]$fFAPIR - Frente dos Artistas Populares e Intelectuais Revolucionários
210 #9 $a[Lisboa]$cFAPIR - Frente dos Artistas Populares e Intelectuais Revolucionários,$dentre 1976 e 1978]$eLisboa :$gSilvas - C.T.G.)
215 ## $a1 cartaz$cp&b.$d39,7x39,7 cm
306 ## $aDatação atribuída em conformidade com as designações institucionais
317 ## $aColeção Madeira Luís
675 ## $a766(=1:469)"197"(084.5)$vBN$zpor$31270858
710 02 $aFAPIR$3942773
801 #0 $aPT$bBN$gRPC
966 ## $lBN$mICONOG$sCT. 20021 A.$x3
971 ## $cCaticonografia7$d20260209
972 ## $d20260227$e0$vfpinelo$z0
995 ## $aPRR2026 $d20260209$iCaticonografia7

Etiqueta de registo: 00000nkm 2200025 450
001 2277060
003 http://id.bnportugal.gov.pt/bib/catbnp/2277060
100 ## $a20260306f19791989m y0pory01030103ba
101 0# $apor
102 ## $aPT
200 1# $aFapir organiza Grande Festa Popular [no] Ginásio do Clube Atlético de Campo de Ourique, 7 dezembro$bVisual gráfico]$fFAPIR
210 #9 $a[S.l.]$cFAPIR,$d[entre 1979 e 1989]
215 ## $a1 cartaz$ccolor.$d42x59,8cm
306 ## $aDatação atribuída em conformidade com o acontecimento anunciado
317 ## $aColeção Madeira Luís
710 02 $aFAPIR$3942773
801 #0 $aPT$bBN$gRPC
966 ## $lBN$mICONOG$sCT. 23780 A.$x3
971 ## $cCaticonografia2$d20260306
995 ## $aPRR2026

Etiqueta de registo: 00000nkm 2200025 450
001 2278327
003 http://id.bnportugal.gov.pt/bib/catbnp/2278327
100 ## $a20260309d1976 m y0pory01030103ba
101 0# $apor
102 ## $aPT
200 1# $aBoletim da FAPIR, n.º 1, dezembro de 1976$bVisual gráfico]$fFrente de Artistas Populares e Intelectuais Revolucionários
210 #9 $aLisboa$cFAPIR,$d1976
215 ## $a1 cartaz$ccolor.$d29,5x21 cm
316 ## $aManchas de café no lado esquerdo$5PTBN: CT. 6321 P.
317 ## $aColeção Madeira Luís
330 ## $aProva de impressão do n.º 1 do Boletim da FAPIR de 1976
710 02 $aFAPIR$3942773
801 #0 $aPT$bBN$gRPC
966 ## $lBN$mICONOG$sCT. 6321 P.$x3
971 ## $cCaticonografia7$d20260309
995 ## $aPRR2026

Etiqueta de registo: 00254nkm 2200109 450
001 2288835
003 http://id.bnportugal.gov.pt/bib/catbnp/2288835
100 ## $a20260625f19771978am y0pory01030103ba
101 0# $apor
102 ## $aPT
200 1# $aFAPIR organiza Carnaval na Faculdade de Letras, dias 4, 5, 6, 7$bVisual gráfico]$fFAPIR$gRui 78
210 #9 $a[Lisboa]$cFAPIR,$d[1978]
215 ## $a1 cartaz$ccolor.$d59,5x42,2 cm
306 ## $aDatação em conformidade com o calendário perpétuo e a assinatura do designer
317 ## $aColeção Madeira Luís
675 ## $a766(=1:469)"197"(084.5)$vBN$zpor$31270858
675 ## $a394.2(469.411)"1978"(084.5)$vBN$zpor$31872723
702 #1 $aPimentel,$bRui,$f1951- $4410$398264
710 02 $aFAPIR$3942773
801 #0 $aPT$bBN$gRPC
966 ## $lBN$mICONOG$sCT. 25960 A.$x3
971 ## $ctoliveira$d20260625

OpendataBNP@bnportugal.pt | Mais informação sobre acesso aos dados BNP